[Event "Klatovy op-A 29th"]
[Site "Klatovy"]
[Date "2023.07.07"]
[Round "7"]
[White "Kupsa, Matej"]
[Black "Mametev, Artem"]
[Result "1-0"]
[WhiteElo "2145"]
[BlackElo "1991"]
[PlyCount "111"]
[EventDate "2023.07.01"]
[EventType "swiss"]
[EventRounds "9"]
[EventCountry "CZE"]
[SourceTitle "CBM 215 Extra"]
[Source "ChessBase"]
[SourceDate "2023.09.30"]
[SourceVersion "1"]
[SourceVersionDate "2023.09.30"]
[SourceQuality "1"]

1. d4 d5 2. f4 Nf6 3. Nf3 Bf5 4. e3 e6 5. Be2 Bd6 6. 0-0 0-0 7. Nbd2 Nbd7 8. Ne5 Ne4 9. g4 Nxd2 10. Bxd2 Be4 11. Be1 Nxe5 12. fxe5 Be7 13. Bd3 Bg5 14. Qe2 Bxd3 15. Qxd3 Bh4 16. Rf4 Bxe1 17. Rxe1 Qh4 18. Ref1 f6 19. exf6 Rxf6 20. Rxf6 gxf6 21. Qe2 Kf7 22. Rf2 Rg8 23. Rg2 c6 24. Kf1 h5 25. gxh5 Qh3 26. h6 Rxg2 27. Qxg2 Qxh6 28. Qg3 Qh5 29. Ke1 e5 30. dxe5 fxe5 31. Kd2 c5 32. Qg2 e4 33. Qg3 b6 34. Qf4+ Ke6 35. c4 Kd7 36. h4 a6 37. a4 Ke6 38. Qc7 Qxh4 39. Qxb6+ Kd7 40. Qb7+ Ke8 41. Qc6+ Kf7 42. Qxd5+ Ke8 43. Qxc5 Qf2+ 44. Kc3 Qe1+ 45. Kd4 Qd2+ 46. Kxe4 Qc2+ 47. Kd5 Qxb2 48. Qc8+ Ke7 49. Qe6+ Kd8 50. Qd6+ Kc8 51. Qxa6+ Kd8 52. Qd6+ Kc8 53. a5 Qg2+ 54. e4 Qe2 55. Qe6+ Kd8 56. Kc6 1-0

[Event "Klatovy op-A 29th"]
[Site "Klatovy"]
[Date "2023.07.06"]
[Round "6"]
[White "Hurdzan, Tomas"]
[Black "Kupsa, Matej"]
[Result "1-0"]
[WhiteElo "2309"]
[BlackElo "2145"]
[PlyCount "45"]
[EventDate "2023.07.01"]
[EventType "swiss"]
[EventRounds "9"]
[EventCountry "CZE"]
[SourceTitle "CBM 215 Extra"]
[Source "ChessBase"]
[SourceDate "2023.09.30"]
[SourceVersion "1"]
[SourceVersionDate "2023.09.30"]
[SourceQuality "1"]

1. e4 e6 2. d4 d5 3. Nc3 Nf6 4. e5 Nfd7 5. f4 c5 6. Nf3 Nc6 7. Be3 Be7 8. Qd2 0-0 9. dxc5 Qa5 10. a3 Bxc5 11. Bxc5 Qxc5 12. Bd3 a5 13. 0-0-0 Rb8 14. Rhe1 b5 15. Bxh7+ Kh8 16. Ng5 b4 17. Na4 bxa3 18. Nxc5 a2 19. Qd3 a1Q+ 20. Kd2 Qxb2 21. Qh3 Qb4+ 22. Ke2 Re8 23. Nxf7# 1-0

[Event "Klatovy op-A 29th"]
[Site "Klatovy"]
[Date "2023.07.02"]
[Round "2"]
[White "Roubal, Matyas"]
[Black "Kupsa, Matej"]
[Result "1/2-1/2"]
[WhiteElo "1850"]
[BlackElo "2145"]
[PlyCount "81"]
[EventDate "2023.07.01"]
[EventType "swiss"]
[EventRounds "9"]
[EventCountry "CZE"]
[SourceTitle "CBM 215 Extra"]
[Source "ChessBase"]
[SourceDate "2023.09.30"]
[SourceVersion "1"]
[SourceVersionDate "2023.09.30"]
[SourceQuality "1"]

1. e4 e6 2. d4 d5 3. e5 c5 4. c3 Qb6 5. Nf3 Nc6 6. Na3 cxd4 7. cxd4 Bb4+ 8. Bd2 Nge7 9. Nb5 Bxd2+ 10. Qxd2 0-0 11. Nd6 f6 12. Bd3 fxe5 13. Nxc8 Raxc8 14. dxe5 Qb4 15. Rd1 Qg4 16. Qg5 h5 17. 0-0 Qxg5 18. Nxg5 Nxe5 19. Nxe6 Rf6 20. Nd4 N7c6 21. Be2 g6 22. f4 Nc4 23. Nc2 Rd8 24. Rxd5 Nxb2 25. Rxd8+ Nxd8 26. Rb1 Na4 27. Rd1 Nc6 28. g3 Nb6 29. Ne3 Kf7 30. f5 Ne5 31. fxg6+ Kxg6 32. Ng2 Kh6 33. Nf4 h4 34. Kg2 Nbc4 35. Rd4 Ne3+ 36. Kh3 hxg3 37. hxg3 Ng6 38. Nxg6 Kxg6 39. Rd7 Kg5 40. Rg7+ Rg6 41. Rxg6+ 1/2-1/2

[Event "Klatovy op-A 29th"]
[Site "Klatovy"]
[Date "2023.07.01"]
[Round "1"]
[White "Kupsa, Matej"]
[Black "Hosnedl, Jiri"]
[Result "1/2-1/2"]
[WhiteElo "2145"]
[BlackElo "1858"]
[PlyCount "38"]
[EventDate "2023.07.01"]
[EventType "swiss"]
[EventRounds "9"]
[EventCountry "CZE"]
[SourceTitle "CBM 215 Extra"]
[Source "ChessBase"]
[SourceDate "2023.09.30"]
[SourceVersion "1"]
[SourceVersionDate "2023.09.30"]
[SourceQuality "1"]

1. d4 d5 2. Nf3 Nf6 3. Bg5 e6 4. e3 Be7 5. Nbd2 Nbd7 6. Bd3 b6 7. 0-0 Bb7 8. Qe2 Ne4 9. Bxe7 Qxe7 10. c4 Nxd2 11. Nxd2 dxc4 12. Nxc4 c5 13. Rac1 0-0 14. Rfd1 Rfd8 15. a4 cxd4 16. exd4 Nf6 17. a5 Nd5 18. Qe5 Rac8 19. Ne3 bxa5 1/2-1/2

[Event "CZE-chT1E 2223"]
[Site "Czech Republic"]
[Date "2023.02.26"]
[Round "9.4"]
[White "Bjolek, Jan"]
[Black "Kupsa, Matej"]
[Result "0-1"]
[WhiteElo "1610"]
[BlackElo "2094"]
[PlyCount "56"]
[EventDate "2022.10.08"]
[EventType "team-tourn"]
[EventRounds "11"]
[EventCountry "CZE"]
[SourceTitle "CBM 213 Extra"]
[Source "ChessBase"]
[SourceDate "2023.05.31"]
[SourceVersion "1"]
[SourceVersionDate "2023.05.31"]
[SourceQuality "1"]
[WhiteTeam "Frydek Mistek III"]
[BlackTeam "Brno Moravska Slavia II"]
[WhiteTeamCountry "CZE"]
[BlackTeamCountry "CZE"]

1. d4 Nf6 2. Nf3 d5 3. e3 c6 4. Bd3 Bg4 5. Nbd2 Nbd7 6. h3 Bh5 7. b3 Bg6 8. 0-0 e6 9. Qe2 Ne4 10. Bb2 f5 11. Ne5 Nxe5 12. dxe5 Bb4 13. Bxe4 fxe4 14. f4 h5 15. c3 Be7 16. a4 h4 17. Rfc1 Bh5 18. Qf1 0-0 19. Ba3 g5 20. Re1 Rf7 21. Bc1 gxf4 22. exf4 Qb6+ 23. Kh1 Raf8 24. a5 Qd8 25. Nb1 Bg5 26. Qg1 Bxf4 27. Bxf4 Rxf4 28. Nd2 Rf2 0-1

[Event "CZE-chT1E 2223"]
[Site "Czech Republic"]
[Date "2023.02.25"]
[Round "8.3"]
[White "Kupsa, Matej"]
[Black "Vasinek, Martin"]
[Result "0-1"]
[WhiteElo "2094"]
[BlackElo "1908"]
[PlyCount "84"]
[EventDate "2022.10.08"]
[EventType "team-tourn"]
[EventRounds "11"]
[EventCountry "CZE"]
[SourceTitle "CBM 213 Extra"]
[Source "ChessBase"]
[SourceDate "2023.05.31"]
[SourceVersion "1"]
[SourceVersionDate "2023.05.31"]
[SourceQuality "1"]
[WhiteTeam "Brno Moravska Slavia II"]
[BlackTeam "Frydek Mistek II"]
[WhiteTeamCountry "CZE"]
[BlackTeamCountry "CZE"]

1. d4 Nf6 2. Nf3 g6 3. c4 Bg7 4. Nc3 d6 5. e4 0-0 6. h3 a5 7. Be3 Nbd7 8. Bd3 e5 9. d5 b6 10. g4 Nc5 11. Bc2 Bd7 12. Qd2 h5 13. g5 Nh7 14. 0-0-0 Qc8 15. Ng1 a4 16. Nb5 Ra5 17. Bxc5 dxc5 18. d6 Bxb5 19. cxb5 cxd6 20. Qxd6 Rxb5 21. h4 Qb7 22. Ne2 Ra5 23. Nc3 a3 24. Bb3 axb2+ 25. Kxb2 Kh8 26. Rh3 Qc8 27. Qd7 c4 28. Ba4 Qc5 29. Qd6 Qxf2+ 30. Rd2 Qc5 31. Rf3 f5 32. Qxg6 Qb4+ 33. Kc2 Rxa4 34. Nxa4 Qxa4+ 35. Kc1 c3 36. Rxc3 fxe4 37. Qxh5 e3 38. Rd1 Kg8 39. g6 Nf6 40. Qxe5 Qxa2 41. Rc7 Bh6 42. Rh7 Rc8+ 0-1

[Event "CZE-chT2D 2223"]
[Site "Czech Republic"]
[Date "2023.02.19"]
[Round "9.2"]
[White "Kupsa, Matej"]
[Black "Pavlicek, Lukas"]
[Result "1/2-1/2"]
[WhiteElo "2094"]
[BlackElo "2069"]
[PlyCount "50"]
[EventDate "2022.10.16"]
[EventType "team-tourn"]
[EventRounds "11"]
[EventCountry "CZE"]
[SourceTitle "EXT 2024"]
[Source "ChessBase"]
[SourceDate "2023.10.10"]
[SourceVersion "1"]
[SourceVersionDate "2023.10.10"]
[SourceQuality "1"]
[WhiteTeam "Lanskroun"]
[BlackTeam "Policka Stefanydes"]
[WhiteTeamCountry "CZE"]
[BlackTeamCountry "CZE"]

1. e4 c5 2. Nf3 d6 3. g3 Nc6 4. Bg2 g6 5. c3 Bg7 6. 0-0 e5 7. d3 Nge7 8. a3 a5 9. Be3 0-0 10. d4 cxd4 11. cxd4 d5 12. Nxe5 Nxe5 13. dxe5 dxe4 14. Bc5 Qxd1 15. Rxd1 Bg4 16. Re1 Rfe8 17. Bxe4 Rac8 18. Bd6 Nf5 19. Bxf5 Bxf5 20. Nc3 f6 21. f4 fxe5 22. Bxe5 Bxe5 23. Rxe5 Rxe5 24. fxe5 Rc5 25. Re1 Kf7 1/2-1/2

[Event "CZE-chT1E 2223"]
[Site "Czech Republic"]
[Date "2022.12.11"]
[Round "5.2"]
[White "Horsak, Jan"]
[Black "Kupsa, Matej"]
[Result "0-1"]
[WhiteElo "2064"]
[BlackElo "2094"]
[PlyCount "172"]
[EventDate "2022.10.08"]
[EventType "team-tourn"]
[EventRounds "11"]
[EventCountry "CZE"]
[SourceTitle "CBM 213 Extra"]
[Source "ChessBase"]
[SourceDate "2023.05.31"]
[SourceVersion "1"]
[SourceVersionDate "2023.05.31"]
[SourceQuality "1"]
[WhiteTeam "Stare Mesto"]
[BlackTeam "Brno Moravska Slavia II"]
[WhiteTeamCountry "CZE"]
[BlackTeamCountry "CZE"]

1. c4 Nf6 2. g3 e6 3. Bg2 d5 4. Nf3 d4 5. d3 c5 6. b4 cxb4 7. 0-0 Nc6 8. Bb2 Be7 9. a3 bxa3 10. Nxa3 0-0 11. Qb3 e5 12. e3 dxe3 13. fxe3 e4 14. Nd4 Qb6 15. Qxb6 axb6 16. dxe4 Ng4 17. Nac2 Rxa1 18. Bxa1 Bc5 19. Nxc6 bxc6 20. Bd4 Be6 21. h3 Nh6 22. g4 f6 23. Ra1 Bxc4 24. Ra7 Nf7 25. Rc7 Ne5 26. Bf1 Bb3 27. Na1 Bd1 28. Kf2 Ra8 29. Bxe5 fxe5 30. Bc4+ Kh8 31. Rxc6 Ba4 32. Rc7 Bd6 33. Bd5 Bxc7 34. Bxa8 Kg8 35. Ke2 Kf8 36. Bd5 Bb5+ 37. Ke1 Bd8 38. Kf2 Bh4+ 39. Kg2 Ke7 40. Bg8 h6 41. Nc2 Bd3 42. Na3 Bxe4+ 43. Kg1 Bg3 44. Nb5 Bc6 45. Bc4 Be1 46. Kf1 Bb4 47. Bd3 Kf6 48. Kf2 Bc5 49. Nc7 e4 50. Bc4 Bd7 51. Nd5+ Ke5 52. Nc3 h5 53. Be2 Bb4 54. Nb5 Kd5 55. gxh5 Kc5 56. Nd4 Bxh3 57. Kg3 Bd7 58. Kf4 Kd5 59. Nf5 Bc3 60. Ba6 Be5+ 61. Kg5 Bf6+ 62. Kf4 Bc6 63. Bf1 b5 64. Bg2 Be5+ 65. Kg5 Ke6 66. Bh3 Kf7 67. Bf1 b4 68. Bc4+ Kf8 69. Nd4 Bxd4 70. exd4 Ba4 71. Kf4 Bc2 72. Ke3 b3 73. Kd2 Ke7 74. Kc3 e3 75. Be2 Ke6 76. Bg4+ Kf6 77. d5 Ke5 78. Bf3 Kd6 79. Kb2 Ke5 80. Kc3 Be4 81. d6 Bf5 82. Kxb3 Kxd6 83. Kc3 Ke5 84. Be2 Be4 85. Bf1 Kf4 86. Kd4 Bf3 0-1

[Event "CZE-chT2D 2223"]
[Site "Czech Republic"]
[Date "2022.12.04"]
[Round "4.2"]
[White "Kupsa, Matej"]
[Black "Valenta, Vit"]
[Result "1-0"]
[WhiteElo "2094"]
[BlackElo "2030"]
[PlyCount "77"]
[EventDate "2022.10.16"]
[EventType "team-tourn"]
[EventRounds "11"]
[EventCountry "CZE"]
[SourceTitle "EXT 2024"]
[Source "ChessBase"]
[SourceDate "2023.10.10"]
[SourceVersion "1"]
[SourceVersionDate "2023.10.10"]
[SourceQuality "1"]
[WhiteTeam "Lanskroun"]
[BlackTeam "Zabreh"]
[WhiteTeamCountry "CZE"]
[BlackTeamCountry "CZE"]

1. d4 Nf6 2. c4 g6 3. f3 Bg7 4. e4 d6 5. Nc3 Nbd7 6. Be3 0-0 7. Qd2 e5 8. d5 a5 9. g4 Nc5 10. Nge2 Kh8 11. Ng3 Ng8 12. h4 f5 13. h5 f4 14. hxg6 h6 15. Bxc5 dxc5 16. Nf5 Rf6 17. Qf2 Rxg6 18. Nxg7 Kxg7 19. Qxc5 b6 20. Qf2 Qe7 21. 0-0-0 Bd7 22. Bd3 Nf6 23. Kb1 Nh7 24. Ne2 Rb8 25. Rc1 Qc5 26. Qxc5 bxc5 27. Nc3 Rgb6 28. Rc2 Ng5 29. Be2 Be8 30. Kc1 Nf7 31. Nd1 Nd6 32. Nf2 Rb4 33. Nd3 Rxc4 34. Nxe5 Rxc2+ 35. Kxc2 Bg6 36. Re1 a4 37. Nd7 Rb4 38. Nxc5 Kf6 39. a3 1-0

[Event "CZE-chT2D 2223"]
[Site "Czech Republic"]
[Date "2022.10.16"]
[Round "1.2"]
[White "Skoda, Martin"]
[Black "Kupsa, Matej"]
[Result "1/2-1/2"]
[WhiteElo "2168"]
[BlackElo "2094"]
[PlyCount "79"]
[EventDate "2022.10.16"]
[EventType "team-tourn"]
[EventRounds "11"]
[EventCountry "CZE"]
[SourceTitle "EXT 2024"]
[Source "ChessBase"]
[SourceDate "2023.10.10"]
[SourceVersion "1"]
[SourceVersionDate "2023.10.10"]
[SourceQuality "1"]
[WhiteTeam "Jihlava Gambit"]
[BlackTeam "Lanskroun"]
[WhiteTeamCountry "CZE"]
[BlackTeamCountry "CZE"]

1. d4 d5 2. Nc3 Nf6 3. Bf4 a6 4. e3 c5 5. Qd2 e6 6. f3 b5 7. g4 Bb7 8. h4 Qb6 9. g5 Nh5 10. Bh2 Nc6 11. Nge2 Be7 12. Bh3 h6 13. Bg4 hxg5 14. hxg5 Bxg5 15. Bf4 Bxf4 16. Nxf4 g6 17. 0-0-0 Ne7 18. Nxh5 gxh5 19. Rxh5 0-0-0 20. Rdh1 Rxh5 21. Rxh5 f5 22. Bh3 Rg8 23. Ne2 c4 24. Rh6 b4 25. Qe1 Kb8 26. Nf4 Bc8 27. Rh7 Qd6 28. Rh6 Qb6 29. Ne2 Qd6 30. Bf1 Rg6 31. Qh4 Rxh6 32. Qxh6 a5 33. Qf4 Qxf4 34. Nxf4 Kc7 35. c3 bxc3 36. bxc3 Bd7 37. e4 fxe4 38. fxe4 dxe4 39. Bxc4 Kd6 40. Kd2 1/2-1/2

[Event "Klatovy op 28th"]
[Site "Klatovy"]
[Date "2022.07.10"]
[Round "9"]
[White "Popov, Roman4444"]
[Black "Kupsa, Matej"]
[Result "0-1"]
[WhiteElo "1826"]
[BlackElo "2079"]
[PlyCount "70"]
[EventDate "2022.07.02"]
[EventType "swiss"]
[EventRounds "9"]
[EventCountry "CZE"]
[SourceTitle "EXT 2023"]
[Source "ChessBase"]
[SourceDate "2022.10.05"]
[SourceVersion "1"]
[SourceVersionDate "2022.10.05"]
[SourceQuality "1"]

1. d4 Nf6 2. c4 e6 3. g3 d5 4. Nf3 Bb4+ 5. Bd2 Be7 6. Bg2 0-0 7. 0-0 Ne4 8. Nc3 f5 9. Ne5 Nd7 10. Nxd7 Qxd7 11. f3 Nxd2 12. Qxd2 dxc4 13. e4 Bc5 14. Rad1 Rd8 15. Nd5 exd5 16. dxc5 d4 17. Qb4 Qf7 18. b3 Be6 19. exf5 Qxf5 20. bxc4 a5 21. Qb5 c6 22. Qxb7 Qxc5 23. Rfe1 Rab8 24. Qc7 Rbc8 25. Qb7 d3+ 26. Kh1 Qxc4 27. Bf1 Qc2 28. Qe7 Bf5 29. Qg5 Bg6 30. Rd2 Qc3 31. Bh3 Rb8 32. Be6+ Kh8 33. h4 Re8 34. h5 Bf7 35. Qf4 Qf6 0-1

[Event "Klatovy op 28th"]
[Site "Klatovy"]
[Date "2022.07.05"]
[Round "4"]
[White "Jirousek, Jan"]
[Black "Kupsa, Matej"]
[Result "1/2-1/2"]
[WhiteElo "2094"]
[BlackElo "2079"]
[PlyCount "28"]
[EventDate "2022.07.02"]
[EventType "swiss"]
[EventRounds "9"]
[EventCountry "CZE"]
[SourceTitle "EXT 2023"]
[Source "ChessBase"]
[SourceDate "2022.10.05"]
[SourceVersion "1"]
[SourceVersionDate "2022.10.05"]
[SourceQuality "1"]

1. d4 e5 2. dxe5 Nc6 3. Nf3 Qe7 4. Bf4 Qb4+ 5. Bd2 Qxb2 6. Bc3 Bb4 7. Bxb4 Qxa1 8. Bc3 Qxa2 9. e4 Nge7 10. Nfd2 0-0 11. Bc4 Qa4 12. 0-0 b5 13. Bb3 Qa6 14. Qh5 b4 1/2-1/2

[Event "CZE-ch Amateur"]
[Site "Luhacovice"]
[Date "2022.03.19"]
[Round "9"]
[White "Kupsa, Matej"]
[Black "Stary, Lukas"]
[Result "1/2-1/2"]
[WhiteElo "2097"]
[BlackElo "1856"]
[PlyCount "44"]
[EventDate "2022.03.12"]
[EventType "swiss"]
[EventRounds "9"]
[EventCountry "CZE"]
[SourceTitle "EXT 2023"]
[Source "ChessBase"]
[SourceDate "2022.10.05"]
[SourceVersion "1"]
[SourceVersionDate "2022.10.05"]
[SourceQuality "1"]

1. d4 d5 2. Nf3 e6 3. g3 c5 4. e3 Nf6 5. Bg2 Nc6 6. 0-0 b6 7. c4 cxd4 8. Nxd4 Nxd4 9. exd4 Bb7 10. Nc3 Be7 11. Bf4 0-0 12. Re1 Qd7 13. Qf3 Rac8 14. Rac1 Ba8 15. cxd5 Nxd5 16. Nxd5 Bxd5 17. Qe3 Bxg2 18. Kxg2 Qd5+ 19. Qe4 Qxe4+ 20. Rxe4 Rxc1 21. Bxc1 Bf6 22. Bd2 Rd8 1/2-1/2

[Event "CZE-ch Amateur"]
[Site "Luhacovice"]
[Date "2022.03.14"]
[Round "4"]
[White "Svacina, Tobias"]
[Black "Kupsa, Matej"]
[Result "1/2-1/2"]
[WhiteElo "1749"]
[BlackElo "2097"]
[PlyCount "47"]
[EventDate "2022.03.12"]
[EventType "swiss"]
[EventRounds "9"]
[EventCountry "CZE"]
[SourceTitle "EXT 2023"]
[Source "ChessBase"]
[SourceDate "2022.10.05"]
[SourceVersion "1"]
[SourceVersionDate "2022.10.05"]
[SourceQuality "1"]

1. e4 d5 2. exd5 Nf6 3. c4 c6 4. d4 cxd5 5. Nc3 Nc6 6. Bg5 e6 7. Nf3 Be7 8. Bd3 dxc4 9. Bxc4 0-0 10. a3 b6 11. 0-0 Bb7 12. Qd3 h6 13. Bh4 Nd5 14. Bg3 Nxc3 15. bxc3 Qc8 16. Rfe1 Bf6 17. Bb3 Ba6 18. Qe4 Ne7 19. Ne5 Bb7 20. Qd3 Ba6 21. Qe4 Bb7 22. Qd3 Ba6 23. Qe4 Bb7 24. Qd3 1/2-1/2

[Event "Ricany op"]
[Site "Ricany"]
[Date "2020.08.24"]
[Round "4"]
[White "Elias, Jakub"]
[Black "Kupsa, Matej"]
[Result "1-0"]
[WhiteElo "1937"]
[BlackElo "2079"]
[PlyCount "81"]
[EventDate "2020.08.22"]
[EventType "swiss"]
[EventRounds "9"]
[EventCountry "CZE"]
[SourceTitle "CBM 198 Extra"]
[Source "ChessBase"]
[SourceDate "2020.11.30"]
[SourceVersion "1"]
[SourceVersionDate "2020.11.30"]
[SourceQuality "1"]

1. e4 c5 2. Nf3 Nf6 3. e5 Nd5 4. c3 Nc6 5. d4 cxd4 6. cxd4 d6 7. Bc4 Nb6 8. Bb5 a6 9. Bxc6+ bxc6 10. 0-0 d5 11. Nc3 Bg4 12. Bf4 e6 13. Rc1 Be7 14. Qe2 g5 15. Be3 h5 16. Nd1 Rc8 17. Bd2 Nc4 18. Bc3 h4 19. b3 Nb6 20. Ba5 h3 21. g3 Qc7 22. Ne3 Bxf3 23. Qxf3 Qb7 24. Ng4 Nd7 25. Bd2 c5 26. Be3 Rf8 27. dxc5 Nxc5 28. Nf6+ Bxf6 29. Bxc5 Bxe5 30. Bxf8 Kxf8 31. Qh5 Rxc1 32. Rxc1 d4 33. Qxh3 Kg7 34. Qg4 Kg6 35. h4 f6 36. hxg5 f5 37. Qe2 Qd5 38. Re1 d3 39. Qxe5 d2 40. Qxe6+ Kh5 41. Qe2+ 1-0

[Event "Ricany op"]
[Site "Ricany"]
[Date "2020.08.23"]
[Round "3"]
[White "Kupsa, Matej"]
[Black "Voracek, Zdenek"]
[Result "0-1"]
[WhiteElo "2079"]
[BlackElo "1903"]
[PlyCount "102"]
[EventDate "2020.08.22"]
[EventType "swiss"]
[EventRounds "9"]
[EventCountry "CZE"]
[SourceTitle "CBM 198 Extra"]
[Source "ChessBase"]
[SourceDate "2020.11.30"]
[SourceVersion "1"]
[SourceVersionDate "2020.11.30"]
[SourceQuality "1"]

1. d4 Nf6 2. Bg5 c5 3. e3 Qb6 4. b3 Ne4 5. Bf4 Qb4+ 6. Nd2 cxd4 7. exd4 Qxd4 8. Be3 Qc3 9. Ne2 Qa5 10. Nd4 Nxd2 11. Bxd2 Qe5+ 12. Be3 Nc6 13. Nf3 Qa5+ 14. Bd2 Qc7 15. Bd3 e5 16. c4 d6 17. Qc2 g6 18. 0-0 f5 19. Bc3 Bg7 20. Rae1 0-0 21. Ng5 Bd7 22. f3 Rae8 23. Kh1 Bh6 24. Nh3 Qb6 25. Nf2 Nb4 26. Qb1 Nc6 27. Bc2 Be3 28. Nd1 Bd4 29. Bd2 Be6 30. Nc3 a6 31. Qd1 Bf2 32. Re2 Bh4 33. Bh6 Rf7 34. Qxd6 Rd7 35. Qa3 Nd4 36. Rd2 Be7 37. Qc1 g5 38. Na4 Qc6 39. Rxd4 exd4 40. Bxg5 Bxg5 41. Qxg5+ Rg7 42. Qf6 b5 43. Nb2 bxc4 44. Qxd4 cxb3 45. Bxb3 Bxb3 46. axb3 Rd7 47. Qf4 Qc2 48. Nc4 Qxb3 49. Ne5 Qb5 50. Re1 Qxe5 51. Qg5+ Kh8 0-1

[Event "CZE-chT2D 1920"]
[Site "Czech Republic"]
[Date "2020.06.28"]
[Round "11.5"]
[White "Kupsa, Matej"]
[Black "Dosedel, Jiri"]
[Result "1-0"]
[WhiteElo "1988"]
[BlackElo "2023"]
[PlyCount "113"]
[EventDate "2019.10.13"]
[EventType "team-tourn"]
[EventRounds "11"]
[EventCountry "CZE"]
[SourceTitle "EXT 2024"]
[Source "ChessBase"]
[SourceDate "2023.10.10"]
[SourceVersion "1"]
[SourceVersionDate "2023.10.10"]
[SourceQuality "1"]
[WhiteTeam "Lanskroun"]
[BlackTeam "Vysoke Myto"]
[WhiteTeamCountry "CZE"]
[BlackTeamCountry "CZE"]

1. e4 d6 2. g3 Nf6 3. Bg2 g6 4. d3 Bg7 5. f4 0-0 6. Nf3 c6 7. c4 e5 8. Nc3 Bg4 9. h3 Bxf3 10. Bxf3 Nbd7 11. 0-0 Qb6+ 12. Kg2 Nc5 13. Rb1 Ne6 14. f5 Nd4 15. g4 Nd7 16. Be3 f6 17. h4 Qd8 18. Qd2 Rf7 19. Ne2 Nxe2 20. Bxe2 c5 21. b4 b6 22. Kh2 Kf8 23. Rf2 Ke7 24. Bf1 Qg8 25. Bh3 Kd8 26. Rbf1 Kc7 27. g5 Qe8 28. fxg6 hxg6 29. Bxd7 Qxd7 30. gxf6 Bf8 31. Rg2 Rh7 32. Qf2 Bh6 33. Bxh6 Rxh6 34. f7 Rf8 35. Qf6 Rh7 36. Rgf2 cxb4 37. Kg3 g5 38. Qxg5 Rhxf7 39. Rxf7 Rxf7 40. Rxf7 Qxf7 41. h5 Qf1 42. h6 Qxd3+ 43. Kh4 Qxe4+ 44. Qg4 Qh1+ 45. Kg5 a5 46. Qh5 Qg2+ 47. Kf6 Qxa2 48. h7 Qxc4 49. Qf7+ Qxf7+ 50. Kxf7 b3 51. h8Q a4 52. Qh3 Kc6 53. Ke6 e4 54. Qc3+ Kb5 55. Kd5 e3 56. Qc4+ Ka5 57. Kc6 1-0

[Event "CZE-chT2D 1920"]
[Site "Czech Republic"]
[Date "2019.11.03"]
[Round "2.3"]
[White "Kupsa, Matej"]
[Black "Holasek, Pavel"]
[Result "1-0"]
[WhiteElo "1988"]
[BlackElo "2120"]
[PlyCount "119"]
[EventDate "2019.10.13"]
[EventType "team-tourn"]
[EventRounds "11"]
[EventCountry "CZE"]
[SourceTitle "EXT 2024"]
[Source "ChessBase"]
[SourceDate "2023.10.10"]
[SourceVersion "1"]
[SourceVersionDate "2023.10.10"]
[SourceQuality "1"]
[WhiteTeam "Lanskroun"]
[BlackTeam "Pardubice Rapid"]
[WhiteTeamCountry "CZE"]
[BlackTeamCountry "CZE"]

1. d4 d5 2. Bf4 Nf6 3. Nf3 e6 4. e3 Bd6 5. Bxd6 Qxd6 6. c4 b6 7. Nc3 0-0 8. Bd3 dxc4 9. Bxc4 Bb7 10. 0-0 c5 11. dxc5 Qxc5 12. Qd4 Nbd7 13. Qxc5 Nxc5 14. Rfd1 Rac8 15. Ne5 Rfd8 16. Nb5 Ncd7 17. Nxd7 Rxd7 18. Rxd7 Nxd7 19. Nd6 Rc7 20. b3 Bc6 21. Bb5 Nb8 22. Rd1 Kf8 23. h4 Ke7 24. a4 Bd5 25. Nf5+ Kf6 26. Nd4 Rc3 27. b4 a6 28. Bd3 a5 29. bxa5 bxa5 30. Bb5 Nc6 31. Ne2 Rc2 32. Nf4 Bb3 33. Rd7 Ne5 34. Ra7 Ng4 35. Nh5+ Ke5 36. Rxa5 Rc1+ 37. Bf1+ Kd6 38. Rg5 f5 39. Rxg7 Bxa4 40. Rxh7 Bb5 41. Ng3 Bd3 42. Ra7 Kc6 43. Ra3 Bb5 44. h5 e5 45. f3 Nh6 46. Kf2 Rc2+ 47. Ne2 f4 48. Ke1 Rb2 49. exf4 Nf5 50. fxe5 Bxe2 51. Bxe2 Nd4 52. Bd3 Rxg2 53. Be4+ Kc5 54. h6 Nc2+ 55. Bxc2 Rxc2 56. Rd3 Rh2 57. h7 Rxh7 58. Kf2 Rf7 59. Ke3 Rf8 60. Ke4 1-0

[Event "CZE-chT U18 Extraliga final-B 1819"]
[Site "Czech Republic"]
[Date "2019.04.14"]
[Round "11.2"]
[White "Kupsa, Matej"]
[Black "Dolejs, Jakub"]
[Result "1-0"]
[WhiteElo "1846"]
[BlackElo "1559"]
[PlyCount "39"]
[EventDate "2018.10.05"]
[EventType "team-tourn"]
[EventRounds "11"]
[EventCountry "CZE"]
[SourceTitle "EXT 2023"]
[Source "ChessBase"]
[SourceDate "2022.10.05"]
[SourceVersion "1"]
[SourceVersionDate "2022.10.05"]
[SourceQuality "1"]
[WhiteTeam "Policka Stefanydes (U18)"]
[BlackTeam "Praha Kobylisy (U18)"]
[WhiteTeamCountry "CZE"]
[BlackTeamCountry "CZE"]

1. d4 b6 2. c4 Bb7 3. Nc3 Nf6 4. Bg5 d6 5. Bxf6 gxf6 6. e3 Rg8 7. Nf3 Nd7 8. Qc2 Bxf3 9. gxf3 h6 10. Bh3 e6 11. Qe4 Rg5 12. f4 f5 13. Qc6 Rg6 14. 0-0-0 a6 15. e4 fxe4 16. f5 exf5 17. Bxf5 Qg5+ 18. Kb1 Qxf5 19. Qxa8+ Ke7 20. Nd5+ 1-0

[Event "CZE-chT U18 Extraliga final-B 1819"]
[Site "Czech Republic"]
[Date "2019.04.13"]
[Round "10.5"]
[White "Bruna, Matous"]
[Black "Kupsa, Matej"]
[Result "1/2-1/2"]
[WhiteElo "1505"]
[BlackElo "1846"]
[PlyCount "93"]
[EventDate "2018.10.05"]
[EventType "team-tourn"]
[EventRounds "11"]
[EventCountry "CZE"]
[SourceTitle "EXT 2023"]
[Source "ChessBase"]
[SourceDate "2022.10.05"]
[SourceVersion "1"]
[SourceVersionDate "2022.10.05"]
[SourceQuality "1"]
[WhiteTeam "Liberec Desko (U18)"]
[BlackTeam "Policka Stefanydes (U18)"]
[WhiteTeamCountry "CZE"]
[BlackTeamCountry "CZE"]

1. e4 c5 2. Nf3 Nf6 3. Nc3 d6 4. d4 cxd4 5. Nxd4 e5 6. Nb3 Nc6 7. Bc4 Be7 8. 0-0 0-0 9. f3 Be6 10. Nd5 Bxd5 11. Bxd5 Nxd5 12. Qxd5 Qb6+ 13. Kh1 Rfd8 14. c3 Bf6 15. Qd3 Ne7 16. Be3 Qc7 17. c4 b6 18. Nc1 Rac8 19. b3 h6 20. Ne2 Bg5 21. Nc3 Bxe3 22. Qxe3 a6 23. Rac1 f5 24. Nd5 Nxd5 25. cxd5 f4 26. Qd2 Qb7 27. Rxc8 Rxc8 28. Rc1 Rc7 29. Kg1 Qc8 30. Rxc7 Qxc7 31. Kf1 Qc5 32. Qf2 Qc1+ 33. Qe1 Qc2 34. Qe2 Qb1+ 35. Kf2 a5 36. Qc4 Qxa2+ 37. Kf1 Qa1+ 38. Ke2 Qb2+ 39. Kf1 Kh7 40. Qc8 Qb1+ 41. Ke2 h5 42. Qf5+ Kh6 43. Qe6+ g6 44. Qxd6 Qc2+ 45. Kf1 Qd1+ 46. Kf2 Qd4+ 47. Kf1 1/2-1/2